Unscramble the Brands - Statistics

General Stats
  • This quiz has been taken 64 times
  • The average score is 11 of 15
Answer Stats
Hint Answer % Correct
OSNY SONY
100%
KNIE NIKE
95%
RLOEX ROLEX
95%
IKAE IKEA
93%
CGUIC GUCCI
92%
XOXB XBOX
87%
FARRREI FERRARI
85%
DAUI AUDI
82%
MWAARLT WALMART
73%
PLEAP APPLE
72%
AARTI ATARI
60%
TMIOFSORC MICROSOFT
58%
TASLE TESLA
55%
SSUGMAN SAMSUNG
48%
EECKSTSRH SKETCHERS
37%
No matching quizzes found
Score Distribution
Percent of People with Each Score
Percentile by Number Answered
Your Score History
You have not taken this quiz